000 00960nam a2200313 a 4500
001 vtls000102387
003 NLI
005 20210601201852.0
008 101125s1964 ilu 001 0 eng
020 _cUSD 8.50
039 9 _y201011251139
_zVLOAD
040 _aNLI
_beng
_cDataSoft
_eAACR2
041 0 _aeng
044 _ailu
082 0 4 _a294.329
100 1 _aEkvall, Robert B. ,
_d1898-
_9215874
245 1 0 _aReligious observances in Tibet :
_bpatterns and function, /
_cRobert B. Ekvall
260 _aChicago :
_bUniveersity of Chicago Press,
_c1964
300 _axiii, 313 p. ;
_c24 cm.
504 _aIncludes bibliographical references and index
650 0 _aMahayana Buddhism
_94626
650 0 _aRamaism
_9215875
651 0 _aTibel
_xReligion life and culture
_9215876
887 _a
901 _a375648
_b03.05.1965
902 _aE294.329 Ek86
949 _AVIRTUAITEM
_D10000
_X100
_6PUR000375648ENG
942 _2ddc
_cBKS
999 _aVIRTUA00
_c106923
_d106923